A fővárosi hulladékgazdálkodási rendszer bemutatása az FKF Nonprofit Zrt. vállalati stratégiáján keresztül

Bibliographic Details
Main Author: Rigó Imre Zoltán
Other Authors: Kasza Lajos
Format: Project work
Kulcsszavak:Hulladékgazdálkodás
Stratégia
Főváros
Online Access:http://dolgozattar.uni-bge.hu/12518

MARC

LEADER 00000nnm a2200000 i 4500
001 dolg12518
005 20170623102440.0
008 170523suuuu hu o 000 hun d
040 |a BGE Dolgozattár Repozitórium  |b hun 
041 |a hu 
100 1 |a Rigó Imre Zoltán 
245 1 2 |a A fővárosi hulladékgazdálkodási rendszer bemutatása az FKF Nonprofit Zrt. vállalati stratégiáján keresztül  |c Rigó Imre Zoltán  |h [elektronikus dokumentum] 
516 |a Project_work 
695 |a Hulladékgazdálkodás 
695 |a Stratégia 
695 |a Főváros 
700 1 |a Kasza Lajos  |e ths 
856 4 0 |u http://dolgozattar.uni-bge.hu/12518/1/vegleges_dolgozat.pdf  |z Dokumentum-elérés